00587nam a2200193Ia 4500082002800000245005200028260002800080300000800108650003400116650002500150650003100175650002700206650003100233650003200264650002100296650002500317700001700342710003400359 a330.05 BIH- SL1 0aBihar economic journal conference volume - 2004 aPatnabThe authorc2004 a654 aEconomic Association of Bihar aEconomic development aIndiavEconomic conditions aFinance, PubliczBihar aFinance, PubliczJharkhand aInvestments, ForeignzIndia aPanchayatzBihar aPanchayatzJharkhand aSharma, R.D. aEconomic Association of Bihar